000 00593nam a2200241Ia 4500
003 OSt
005 20220924144356.0
006 a|||||r|||| 00| 0
007 ta
008 220923b |||||||| |||| 00| 0 urd d
020 _c45.00
024 _a314029
037 _cTextual
040 _aARTS
_cARTS
_burd
041 _2urd
_aurd
082 _aO168,1MLS,11, L3
100 _aHasan Latafat
_9217555
245 0 _aRiyaz-e-Latafat
260 _c1973
650 _aURDU POETRY
942 _hO168,1MLS,11, L3
_cTEXL
_2CC
999 _c456904
_d456904